| 000 | 00713nam a2200289Ia 4500 | ||
|---|---|---|---|
| 008 | 171025s9999 xx 000 0 und d | ||
| 020 | _a9780307394866 | ||
| 050 | _a791.45 | ||
| 050 | _bK29 2010 | ||
| 100 | _aKelley, Kitty | ||
| 245 | _aOprah : | ||
| 245 | _ba biography / | ||
| 245 | _cby Kitty Kelley. | ||
| 260 | _aUSA : | ||
| 260 | _bCrown, | ||
| 260 | _c2010 | ||
| 300 | _axiv, 524 pages : | ||
| 300 | _billustrations ; | ||
| 300 | _c24cm. | ||
| 500 | _aIncludes notes and index. | ||
| 650 | _aActors -- | ||
| 650 | _aTelevision personalities -- | ||
| 650 | _aWinfrey, Oprah. | ||
| 650 | _xUnited States -- Biography. | ||
| 650 | _xUnited States -- Biography. | ||
| 700 | _aTitle. | ||
| 999 |
_c344698 _d344698 |
||